[Event "Prebor mesta Vsetina"]
[Site "Vsetin, Czech Republic"]
[Date "2021.07.03"]
[Round "1.1"]
[White "Bosak, Jan"]
[Black "Zadrapa, Jakub"]
[Result "1-0"]
[WhiteElo "2059"]
[BlackElo "1509"]
[PlyCount "51"]
[EventDate "2021.??.??"]

1.c4 e5 2.Nc3 Nf6 3.Nf3 Nc6 4.e3 d5 5.cxd5 Nxd5 6.Bb5 Bg4 7.Bxc6+ bxc6 8.Qa4
Bd7 9.Nxe5 Bc5 10.d4 Bb4 11.O-O Bxc3 12.bxc3 O-O 13.Ba3 Re8 14.c4 Nb6 15.Qc2
Qg5 16.c5 Rxe5 17.dxe5 Nd5 18.f4 Qh5 19.Qd3 Bg4 20.Rf2 Rb8 21.e4 Ne7 22.h3 Be6
23.f5 h6 24.fxe6 fxe6 25.Qd7 Qxe5 26.Raf1 1-0

[Event "Prebor mesta Vsetina"]
[Site "Vsetin, Czech Republic"]
[Date "2021.07.03"]
[Round "1.2"]
[White "Bambusek, Vladislav"]
[Black "Zadrapa, Radek"]
[Result "0-1"]
[WhiteElo "1501"]
[BlackElo "2048"]
[PlyCount "90"]
[EventDate "2021.??.??"]

1.d4 Nf6 2.c4 g6 3.Nc3 Bg7 4.Nf3 O-O 5.e4 d6 6.Be2 e5 7.d5 Na6 8.a3 Nc5 9.Qc2
a5 10.Be3 Ng4 11.Bxc5 dxc5 12.Rd1 f5 13.O-O Ra6 14.h3 Nh6 15.Nd2 Raf6 16.Nf3
Nf7 17.Nb5 Qe7 18.Nc3 Nd6 19.Nd2 b6 20.a4 Bd7 21.b3 R6f7 22.Qd3 Qh4 23.Qg3
Qxg3 24.fxg3 Bh6 25.Rf3 Kg7 26.exf5 gxf5 27.Nb5 Bc8 28.Nb1 e4 29.Rff1 Be3+ 30.
Kh1 Nxb5 31.axb5 Bd4 32.Na3 Be5 33.Kh2 Rf6 34.Nc2 Rg6 35.Rf4 Kf6 36.Ne3 Bxf4
37.gxf4 Rfg8 38.d6 cxd6 39.Rxd6+ Ke7 40.Rxg6 Rxg6 41.Nd5+ Kd8 42.g3 Rd6 43.g4
Be6 44.gxf5 Bxd5 45.Kg3 Bf7 0-1

[Event "Prebor mesta Vsetina"]
[Site "Vsetin, Czech Republic"]
[Date "2021.07.03"]
[Round "1.3"]
[White "Pys, Zbynek"]
[Black "Klima, Tomas"]
[Result "1-0"]
[WhiteElo "1936"]
[BlackElo "1493"]
[PlyCount "47"]
[EventDate "2021.??.??"]

1.Nf3 d5 2.d4 Bf5 3.g3 Nf6 4.Bg2 c6 5.O-O g6 6.Nbd2 Bg7 7.c4 O-O 8.Qb3 Qc7 9.
Re1 Re8 10.Ne5 Ne4 11.cxd5 Bxe5 12.dxe5 cxd5 13.Nxe4 dxe4 14.Bf4 Qb6 15.Qa4
Nc6 16.Bxe4 Bxe4 17.Qxe4 Qxb2 18.Rab1 Qxa2 19.Rxb7 Qe6 20.Rc1 Rec8 21.Qa4 Nxe5
22.Rxc8+ Rxc8 23.Qxa7 Re8 24.Rb8 1-0

[Event "Prebor mesta Vsetina"]
[Site "Vsetin, Czech Republic"]
[Date "2021.07.03"]
[Round "1.4"]
[White "Klimek, David"]
[Black "Dolezal, Karel"]
[Result "0-1"]
[WhiteElo "1490"]
[BlackElo "1895"]
[PlyCount "104"]
[EventDate "2021.??.??"]

1.Nf3 g6 2.c4 Bg7 3.d4 Nf6 4.Nc3 O-O 5.e3 d6 6.Be2 c6 7.O-O Bg4 8.Qc2 Qc7 9.e4
e5 10.d5 c5 11.h3 Bxf3 12.Bxf3 Ne8 13.Bg4 a6 14.f4 exf4 15.Bxf4 h5 16.Be2 Nd7
17.Rae1 Ne5 18.b3 Qe7 19.Qd2 f6 20.Nd1 Nc7 21.Nf2 Nf7 22.Nd3 b6 23.Bd1 Kh7 24.
Qc2 b5 25.Bd2 Bh6 26.Bxh6 Kxh6 27.Qd2+ Kg7 28.Rf3 h4 29.g3 Ne5 30.Nxe5 fxe5
31.Rxf8 Rxf8 32.g4 Qf6 33.Qe2 Qf4 34.Qe3 Kh6 35.Qxf4+ Rxf4 36.Kg2 Kg5 37.a4
bxa4 38.bxa4 Rf8 39.Bc2 Rb8 40.Rb1 Rxb1 41.Bxb1 Kf4 42.Kf2 a5 43.Bc2 Ne8 44.
Bd3 g5 45.Bc2 Nf6 46.Bd3 Nxe4+ 47.Ke1 Nc3 48.Kd2 Nxa4 49.Kc2 Ke3 50.Bf1 Kf2
51.Bd3 Kg2 52.Kb3 Nb6 0-1

[Event "Prebor mesta Vsetina"]
[Site "Vsetin, Czech Republic"]
[Date "2021.07.03"]
[Round "1.5"]
[White "Brousek, Jiri"]
[Black "Zadrapova, Amalie"]
[Result "1/2-1/2"]
[WhiteElo "1833"]
[BlackElo "1471"]
[PlyCount "93"]
[EventDate "2021.??.??"]

1.d4 d5 2.Nf3 Nf6 3.e3 e6 4.Bd3 c5 5.b3 b6 6.Bb2 Be7 7.O-O O-O 8.Nbd2 Bb7 9.
Ne5 Nbd7 10.f4 Rc8 11.Rf3 c4 12.bxc4 dxc4 13.Ndxc4 Bxf3 14.Qxf3 Nxe5 15.fxe5
Nd5 16.a3 b5 17.Nd2 Bg5 18.Nf1 a6 19.g3 f6 20.Qe4 g6 21.h4 Bh6 22.h5 f5 23.Qf3
Qg5 24.hxg6 hxg6 25.Re1 Qe7 26.e4 fxe4 27.Qxe4 Rf5 28.Qg2 Rg5 29.Bc1 Kg7 30.
Bxg5 Bxg5 31.Qe4 Qf7 32.Nh2 Nc3 33.Qf3 Qe7 34.Rf1 Rf8 35.Qxf8+ Qxf8 36.Rxf8
Kxf8 37.Bxg6 Be3+ 38.Kf1 Bxd4 39.Nf3 Bc5 40.Ke1 Bxa3 41.Nd4 Ke7 42.Kd2 Bb2 43.
Nc6+ Kf8 44.Kd3 Nd5 45.c4 bxc4+ 46.Kxc4 Ne7 47.Nxe7 1/2-1/2

[Event "Prebor mesta Vsetina"]
[Site "Vsetin, Czech Republic"]
[Date "2021.07.03"]
[Round "1.6"]
[White "Kopecky, Matej"]
[Black "Vaculik, Lubomir"]
[Result "1-0"]
[WhiteElo "1419"]
[BlackElo "1824"]
[PlyCount "94"]
[EventDate "2021.??.??"]

1.d4 d5 2.Nf3 Nf6 3.g3 Bf5 4.Bg2 e6 5.Bf4 Be7 6.c4 c6 7.Nc3 O-O 8.cxd5 exd5 9.
O-O Nbd7 10.Qd2 Ne4 11.Nxe4 Bxe4 12.Rac1 Re8 13.Rfe1 a5 14.a3 Nb6 15.Qc3 a4
16.Bh3 g5 17.Bd2 f6 18.Be6+ Kg7 19.h4 h6 20.hxg5 hxg5 21.Qe3 Nc4 22.Rxc4 Bxf3
23.Qxf3 dxc4 24.Bxg5 Rh8 25.Be3 Qe8 26.Qg4+ Qg6 27.Qxg6+ Kxg6 28.Bxc4 Rad8 29.
Rc1 f5 30.Bd3 Kf6 31.Rc4 Bd6 32.f4 Rhg8 33.Kg2 Rg4 34.Kf3 Rdg8 35.Bf2 R4g6 36.
Rxa4 Rh6 37.Ra5 Rh5 38.Ra7 Rb8 39.Bc4 Rh1 40.Bd3 b5 41.Ra6 Rc8 42.d5 b4 43.
axb4 Bxb4 44.Rxc6+ Rxc6 45.dxc6 Rc1 46.Bb5 Ba5 47.Be3 Ke6 1-0

[Event "Prebor mesta Vsetina"]
[Site "Vsetin, Czech Republic"]
[Date "2021.07.03"]
[Round "1.7"]
[White "Bartosek, Ivan"]
[Black "Kucera, Pavel"]
[Result "0-1"]
[WhiteElo "1728"]
[BlackElo "1329"]
[PlyCount "96"]
[EventDate "2021.??.??"]

1.e4 d5 2.exd5 Qxd5 3.d4 c6 4.c4 Qd8 5.d5 Nf6 6.Nc3 Bf5 7.g3 e5 8.Bg2 Bb4 9.
Nf3 Qc7 10.O-O O-O 11.Qb3 Bd6 12.Be3 Na6 13.Rac1 Nc5 14.Bxc5 Bxc5 15.Na4 Nd7
16.Qc3 Rfe8 17.b4 Bf8 18.Nh4 Bg4 19.c5 Be2 20.d6 Qd8 21.Rfe1 Bb5 22.Nb2 a5 23.
a3 a4 24.Nd1 g6 25.Ne3 Bg7 26.Ng4 f5 27.Ne3 Nf6 28.Nc4 e4 29.Bf1 Nd5 30.Qd2
Qd7 31.Ng2 Ra6 32.Nge3 Nxe3 33.Rxe3 Bh6 34.f4 Bg7 35.Nb6 Qf7 36.Bxb5 cxb5 37.
d7 Rd8 38.Rd1 Qf6 39.Qd5+ Kh8 40.Qxb7 Qb2 41.Qc8 Bf6 42.Rde1 Ra7 43.R1e2 Qa1+
44.Kf2 Qd4 45.c6 Qxb6 46.Rc2 Rc7 47.Rd2 Rcxc8 48.dxc8=Q Rxc8 0-1

[Event "Prebor mesta Vsetina"]
[Site "Vsetin, Czech Republic"]
[Date "2021.07.03"]
[Round "1.8"]
[White "Kamas, Gabriel"]
[Black "Vlachopulos, Elefteris"]
[Result "0-1"]
[WhiteElo "1321"]
[BlackElo "1667"]
[PlyCount "74"]
[EventDate "2021.??.??"]

1.d4 c6 2.Bf4 d5 3.Nf3 Qb6 4.Qc1 Bf5 5.e3 e6 6.Be2 h6 7.Nbd2 Nd7 8.O-O Ngf6 9.
c4 c5 10.cxd5 exd5 11.Re1 Be7 12.h3 O-O 13.Nb3 Rac8 14.dxc5 Nxc5 15.Qd1 Na4
16.Qd4 Qxd4 17.Nbxd4 Be4 18.b3 Nc3 19.Ne5 Ba3 20.f3 Nxe2+ 21.Rxe2 Bh7 22.Ng4
Nd7 23.e4 dxe4 24.fxe4 Nc5 25.Nf5 Nxe4 26.Rxe4 Bxf5 27.Ra4 Bb2 28.Re1 Bd7 29.
Rxa7 Bd4+ 30.Be3 Bxa7 31.Bxa7 Rfe8 32.Rd1 Bxg4 33.hxg4 Ra8 34.Bc5 Rxa2 35.Rd7
Ree2 36.Rxb7 Rxg2+ 37.Kh1 Rgc2 0-1

[Event "Prebor mesta Vsetina"]
[Site "Vsetin, Czech Republic"]
[Date "2021.07.04"]
[Round "2.1"]
[White "Mudry, Jan"]
[Black "Bosak, Jan"]
[Result "0-1"]
[WhiteElo "1567"]
[BlackElo "2059"]
[PlyCount "52"]
[EventDate "2021.??.??"]

1.e4 e6 2.d4 d5 3.exd5 exd5 4.Bd3 c5 5.c3 Nf6 6.Bg5 c4 7.Bc2 Be7 8.h3 O-O 9.
Nf3 Nc6 10.O-O Be6 11.Re1 b5 12.a3 a5 13.Ne5 Qc7 14.Nxc6 Qxc6 15.Bxf6 Bxf6 16.
Qh5 g6 17.Qd1 b4 18.axb4 axb4 19.Rxa8 Rxa8 20.cxb4 Qb6 21.Qd2 Ra2 22.Nc3 Rxb2
23.Na4 Qxb4 24.Qd1 Rxc2 25.Rxe6 Rd2 26.Re8+ Kg7 0-1

[Event "Prebor mesta Vsetina"]
[Site "Vsetin, Czech Republic"]
[Date "2021.07.04"]
[Round "2.2"]
[White "Zadrapa, Radek"]
[Black "Dancak, Stanislav"]
[Result "1-0"]
[WhiteElo "2048"]
[BlackElo "1604"]
[PlyCount "33"]
[EventDate "2021.??.??"]

1.d4 d5 2.c4 e6 3.Nf3 Nf6 4.Nc3 Nbd7 5.Bf4 Be7 6.Nb5 Bb4+ 7.Nd2 Ne4 8.Nxc7+
Kf8 9.Nxa8 Qf6 10.Qb3 Bxd2+ 11.Bxd2 Qxf2+ 12.Kd1 Qxd4 13.Qc2 Nf2+ 14.Ke1 Nxh1
15.e3 Qh4+ 16.g3 Qxh2 17.Bb4+ 1-0

[Event "Prebor mesta Vsetina"]
[Site "Vsetin, Czech Republic"]
[Date "2021.07.04"]
[Round "2.3"]
[White "Parak, Frantisek"]
[Black "Pys, Zbynek"]
[Result "1/2-1/2"]
[WhiteElo "1545"]
[BlackElo "1936"]
[PlyCount "59"]
[EventDate "2021.??.??"]

1.e4 c5 2.Nf3 g6 3.d4 Bg7 4.Nc3 cxd4 5.Nxd4 Nc6 6.Be3 d6 7.Bb5 Bd7 8.O-O Nf6
9.Bxc6 bxc6 10.Qd2 Ng4 11.Rad1 Nxe3 12.Qxe3 O-O 13.Rfe1 Rb8 14.b3 Qa5 15.a4 c5
16.Nde2 Bg4 17.Nd5 Rfe8 18.f3 Be6 19.Kf1 c4 20.b4 Qxa4 21.c3 Qd7 22.Nef4 Rec8
23.Ra1 Rb7 24.Ra5 Bxd5 25.Nxd5 e6 26.Nf4 Bh6 27.Rd1 Qe7 28.Nxg6 Qh4 29.Nxh4
Bxe3 30.Rxd6 1/2-1/2

[Event "Prebor mesta Vsetina"]
[Site "Vsetin, Czech Republic"]
[Date "2021.07.04"]
[Round "2.4"]
[White "Dolezal, Karel"]
[Black "Galda, Tomas"]
[Result "1/2-1/2"]
[WhiteElo "1895"]
[BlackElo "1552"]
[PlyCount "49"]
[EventDate "2021.??.??"]

1.c4 c6 2.d4 d5 3.e3 Nf6 4.Nc3 a6 5.Nf3 Bg4 6.h3 Bxf3 7.Qxf3 e6 8.Bd3 Be7 9.
O-O O-O 10.Bd2 Nbd7 11.cxd5 exd5 12.e4 dxe4 13.Nxe4 Nxe4 14.Qxe4 Nf6 15.Qh4 g6
16.Be3 Nd5 17.Qe4 Re8 18.Qf3 Bf6 19.Be4 Qd6 20.Bxd5 cxd5 21.Rac1 Rac8 22.Rc5
Rxc5 23.dxc5 Qc6 24.Rd1 Bxb2 25.Qxd5 1/2-1/2

[Event "Prebor mesta Vsetina"]
[Site "Vsetin, Czech Republic"]
[Date "2021.07.04"]
[Round "2.5"]
[White "Vlachopulos, Elefteris"]
[Black "Kopecky, Matej"]
[Result "0-1"]
[WhiteElo "1667"]
[BlackElo "1419"]
[PlyCount "82"]
[EventDate "2021.??.??"]

1.d4 d5 2.g3 Nf6 3.Bg2 Bf5 4.c4 c6 5.cxd5 cxd5 6.Nc3 e6 7.Qb3 Qd7 8.Bf4 Nc6 9.
Nf3 Nb4 10.Rc1 Nc6 11.O-O Be7 12.Rfd1 O-O 13.Nh4 Bg6 14.Nxg6 hxg6 15.e4 dxe4
16.Nxe4 Nd5 17.Nc5 Bxc5 18.dxc5 Nce7 19.Bd6 Rfd8 20.Rd3 Qe8 21.Qxb7 Nc6 22.
Bxd5 exd5 23.Rxd5 Rac8 24.Rcd1 Rd7 25.Qb5 Qe4 26.a3 Qe6 27.Qd3 Re8 28.b4 f6
29.Qxg6 Ne5 30.Qe4 Qh3 31.Qg2 Qg4 32.Bxe5 Qxd1+ 33.Qf1 Rxd5 34.Bc3 Qxf1+ 35.
Kxf1 Rd3 36.Bb2 Rb3 37.Bd4 Rxa3 38.b5 Rb3 39.b6 axb6 40.cxb6 Re4 41.Bc5 Rc4
0-1

[Event "Prebor mesta Vsetina"]
[Site "Vsetin, Czech Republic"]
[Date "2021.07.04"]
[Round "2.7"]
[White "Zadrapova, Amalie"]
[Black "Orsag, Roman"]
[Result "0-1"]
[WhiteElo "1471"]
[BlackElo "1278"]
[PlyCount "84"]
[EventDate "2021.??.??"]

1.c4 e5 2.Nc3 Nc6 3.Nf3 Nf6 4.g3 Bc5 5.Bg2 O-O 6.O-O d6 7.b3 Bg4 8.Bb2 Qc8 9.
Na4 Bb6 10.Nxb6 axb6 11.d4 exd4 12.Nxd4 Nxd4 13.Bxd4 Nd7 14.Qc2 Nc5 15.Bd5 Be6
16.e4 Bxd5 17.exd5 Qg4 18.f4 Rfe8 19.Rae1 f6 20.b4 Nd7 21.a4 Ne5 22.Bxe5 fxe5
23.c5 bxc5 24.bxc5 exf4 25.Rxe8+ Rxe8 26.Rxf4 Re1+ 27.Rf1 Qd4+ 28.Qf2 Qxf2+
29.Kxf2 Rxf1+ 30.Kxf1 dxc5 31.Ke2 Kf7 32.Kd3 Ke7 33.a5 Kd6 34.Kc4 c6 35.g4
cxd5+ 36.Kb5 c4 37.Kb6 c3 38.Kxb7 c2 39.a6 c1=Q 40.a7 Qc6+ 41.Kb8 Qc7+ 42.Ka8
Qxa7+ 0-1

[Event "Prebor mesta Vsetina"]
[Site "Vsetin, Czech Republic"]
[Date "????.??.??"]
[Round "3.1"]
[White "Bosak, Jan"]
[Black "Juracak, David"]
[Result "1-0"]
[WhiteElo "2059"]
[BlackElo "1660"]
[PlyCount "95"]

1.Nf3 Nf6 2.c4 e6 3.Nc3 d5 4.d4 c6 5.Bg5 Nbd7 6.e3 Be7 7.Rc1 h6 8.Bh4 dxc4 9.
Bxc4 Nb6 10.Bb3 Nbd5 11.O-O O-O 12.Qd3 Nb4 13.Qe2 Nh5 14.Bxe7 Qxe7 15.Ne5 Nf6
16.Rfd1 Nbd5 17.e4 Nxc3 18.Rxc3 Rd8 19.Nc4 c5 20.e5 Nd5 21.Rf3 Qc7 22.Nd6 Rxd6
23.exd6 Qxd6 24.dxc5 Qxc5 25.Bxd5 exd5 26.Qe8+ Qf8 27.Qxf8+ Kxf8 28.Rxd5 Be6
29.Ra5 Rc8 30.h3 a6 31.b4 Bd7 32.Rc5 Rxc5 33.bxc5 Be6 34.a3 Ke7 35.Rd3 Bd7 36.
f4 Bc6 37.Rd6 h5 38.Kf2 f6 39.g4 hxg4 40.hxg4 Kf7 41.Ke3 g6 42.g5 fxg5 43.fxg5
Bg2 44.Kf4 Bc6 45.Ke5 Bg2 46.Rd7+ Kg8 47.Kf6 Be4 48.Re7 1-0

[Event "Prebor mesta Vsetina"]
[Site "Vsetin, Czech Republic"]
[Date "????.??.??"]
[Round "3.2"]
[White "Orsag, Roman"]
[Black "Zadrapa, Radek"]
[Result "0-1"]
[WhiteElo "1278"]
[BlackElo "2048"]
[PlyCount "78"]

1.e4 c5 2.Nf3 d6 3.d4 cxd4 4.Nxd4 Nf6 5.Nc3 a6 6.Be3 Ng4 7.Qd2 Nxe3 8.Qxe3 e6
9.Bc4 Be7 10.O-O Qc7 11.Bb3 O-O 12.a4 Nc6 13.Rfd1 Na5 14.Qd3 Bd7 15.f4 Rac8
16.Rd2 Qc5 17.Kh1 Nc4 18.Bxc4 Qxc4 19.Qxc4 Rxc4 20.Nf3 Bc6 21.Rd4 Rxd4 22.Nxd4
Bd7 23.Rd1 Rc8 24.Nf3 Kf8 25.Ne5 Bxa4 26.Nd7+ Bxd7 27.e5 d5 28.h3 Ke8 29.Kh2
h5 30.g3 Bb4 31.Rd3 Bxc3 32.bxc3 a5 33.Kg2 a4 34.Kf3 Rc4 35.Kf2 a3 36.h4 a2
37.Rd1 Rxc3 38.Ra1 Rxc2+ 39.Kf3 b5 0-1

[Event "Prebor mesta Vsetina"]
[Site "Vsetin, Czech Republic"]
[Date "????.??.??"]
[Round "3.3"]
[White "Kopecky, Matej"]
[Black "Dolezal, Karel"]
[Result "0-1"]
[WhiteElo "1419"]
[BlackElo "1895"]
[PlyCount "106"]

1.e4 Nf6 2.Nc3 d5 3.e5 d4 4.exf6 dxc3 5.fxg7 cxd2+ 6.Qxd2 Qxd2+ 7.Bxd2 Bxg7 8.
O-O-O Nc6 9.Bb5 Bd7 10.Nf3 a6 11.Bc4 Bg4 12.Bf4 Bxf3 13.gxf3 Be5 14.Bg3 e6 15.
Rhe1 Bxg3 16.fxg3 Ke7 17.c3 Kf6 18.f4 Rad8 19.Kc2 Rd6 20.Rf1 Rhd8 21.Bd3 h6
22.g4 Ne7 23.h4 Nd5 24.Rf3 c5 25.Rdf1 Kg7 26.g5 f5 27.gxf6+ Kxf6 28.Rg1 Ne7
29.h5 Rg8 30.Rxg8 Nxg8 31.f5 e5 32.Rg3 Ne7 33.Be4 b6 34.a3 Rd8 35.Bf3 Rg8 36.
Rg6+ Nxg6 37.fxg6 Kf5 38.Bd5 Rg7 39.Kd3 Kf4 40.b4 Rd7 41.c4 e4+ 42.Ke2 Kg5 43.
Ke3 Re7 44.bxc5 bxc5 45.a4 a5 46.Ke2 Kf6 47.Ke3 Re5 48.Bxe4 Rxh5 49.Bc6 Ke5
50.Bd5 Rh3+ 51.Kf2 Kf6 52.Kg2 Rb3 53.Bf7 Rb4 0-1

[Event "Prebor mesta Vsetina"]
[Site "Vsetin, Czech Republic"]
[Date "????.??.??"]
[Round "3.4"]
[White "Galda, Tomas"]
[Black "Parak, Frantisek"]
[Result "1-0"]
[WhiteElo "1552"]
[BlackElo "1545"]
[PlyCount "97"]

1.d4 d5 2.Nf3 Nf6 3.g3 Bf5 4.Bg2 e6 5.Nh4 Bg6 6.O-O Be7 7.Nxg6 hxg6 8.c4 c6 9.
Nd2 Nbd7 10.e4 dxe4 11.Nxe4 Nxe4 12.Bxe4 Nf6 13.Bg2 Qd7 14.Be3 a6 15.Rc1 Rc8
16.Re1 O-O 17.Qe2 Bb4 18.Red1 Rfe8 19.a3 Bd6 20.a4 Bb8 21.b3 Rcd8 22.Qf3 Bd6
23.Bh3 Qe7 24.Bg2 Ba3 25.Rc2 Rd7 26.Rcd2 Red8 27.Bg5 Re8 28.Bh3 Qd8 29.d5 cxd5
30.cxd5 Be7 31.dxe6 Rxd2 32.exf7+ Kxf7 33.Rxd2 Qc7 34.Kg2 Kg8 35.Be6+ Kh7 36.
Rd4 Qc6 37.Qxc6 bxc6 38.Rh4+ Nh5 39.Bxe7 Rxe7 40.Bc4 Kh6 41.Bxa6 c5 42.Rc4 Re5
43.f4 Re3 44.Rxc5 Rxb3 45.Rc8 Rb2+ 46.Kf3 Nf6 47.Rh8+ Nh7 48.g4 Rb4 49.g5+ 1-0

[Event "Prebor mesta Vsetina"]
[Site "Vsetin, Czech Republic"]
[Date "????.??.??"]
[Round "3.5"]
[White "Pys, Zbynek"]
[Black "Vlachopulos, Elefteris"]
[Result "1/2-1/2"]
[WhiteElo "1936"]
[BlackElo "1667"]
[PlyCount "67"]

1.Nf3 d5 2.d4 Bf5 3.e3 e6 4.Nbd2 c5 5.c3 Nc6 6.Bb5 Bd6 7.O-O Ne7 8.Re1 O-O 9.
e4 dxe4 10.Nxe4 cxd4 11.Nxd4 Nxd4 12.Qxd4 Bc7 13.Qa4 a6 14.Bf1 b5 15.Qb3 Qb8
16.g3 Nd5 17.Bg2 Qb6 18.a4 Rad8 19.a5 Qa7 20.Qa3 Qb8 21.Nc5 Qa7 22.Bxd5 Rxd5
23.Be3 Qa8 24.f3 Qc6 25.Kf2 Rfd8 26.b4 Be5 27.Rac1 Bd6 28.c4 bxc4 29.Rxc4 Qb5
30.Rec1 Rc8 31.h4 Bxc5 32.Rxc5 Rcxc5 33.Rxc5 Rxc5 34.Bxc5 1/2-1/2

[Event "Prebor mesta Vsetina"]
[Site "Vsetin, Czech Republic"]
[Date "????.??.??"]
[Round "3.6"]
[White "Zadrapa, Jakub"]
[Black "Matus, Filip"]
[Result "1/2-1/2"]
[WhiteElo "1509"]
[BlackElo "1947"]
[PlyCount "96"]

1.e4 e6 2.d4 d5 3.Nd2 c5 4.Ngf3 cxd4 5.Nxd4 Nc6 6.Bb5 Bd7 7.Bxc6 bxc6 8.O-O
Bd6 9.Re1 Ne7 10.e5 Bc7 11.N2b3 Ng6 12.f4 Bb6 13.Kh1 O-O 14.a4 a6 15.Bd2 c5
16.Nf3 Bc6 17.c3 Qe7 18.Be3 Rfd8 19.Qe2 Rac8 20.Qxa6 Ba7 21.Qe2 Ba8 22.Red1
Nh4 23.Nxh4 Qxh4 24.Qf2 Qe7 25.Nc1 Qb7 26.Nd3 d4 27.cxd4 cxd4 28.Bd2 Rc2 29.
Rdc1 Rdc8 30.Rxc2 Rxc2 31.Rc1 Rxc1+ 32.Bxc1 Qb3 33.Qe2 Qxa4 34.b4 Qc6 35.h3 h6
36.Bb2 Bb7 37.Kg1 Ba6 38.Qd1 Qc4 39.Nc5 d3 40.Kh1 Bb5 41.Qd2 Qd5 42.Kh2 Bxc5
43.bxc5 Qxc5 44.Qa5 Qc4 45.Qd2 Bc6 46.Kh1 Qe4 47.Bc1 Qd5 48.Kh2 Qe4 1/2-1/2

[Event "Prebor mesta Vsetina"]
[Site "Vsetin, Czech Republic"]
[Date "????.??.??"]
[Round "3.7"]
[White "Bartosek, Ivan"]
[Black "Klima, Tomas"]
[Result "0-1"]
[WhiteElo "1728"]
[BlackElo "1493"]
[PlyCount "66"]

1.e4 e6 2.Bc4 d5 3.exd5 exd5 4.Bb3 Nf6 5.Nf3 Bd6 6.d4 O-O 7.Ne5 Re8 8.f4 Bg4
9.Qd3 c5 10.Ba4 Qa5+ 11.Nc3 Bd7 12.Bxd7 Nbxd7 13.Bd2 cxd4 14.Ne2 Qb6 15.Nxd7
Nxd7 16.O-O Nf6 17.Nxd4 Bc5 18.c3 Re4 19.Kh1 Bxd4 20.cxd4 Rxd4 21.Qc3 Rc4 22.
Be3 Qe6 23.Qd3 a6 24.Rae1 Re4 25.Bd2 Re8 26.Rd1 Qc6 27.Bc3 Re2 28.Be5 Re4 29.
Bxf6 Qxf6 30.Qxd5 b5 31.f5 Qxb2 32.Qxe4 Qf6 33.Qd5 Qg5 0-1

[Event "Prebor mesta Vsetina"]
[Site "Vsetin, Czech Republic"]
[Date "????.??.??"]
[Round "3.8"]
[White "Bambusek, Vladislav"]
[Black "Papsik, Miroslav"]
[Result "1/2-1/2"]
[WhiteElo "1501"]
[BlackElo "1616"]
[PlyCount "75"]

1.d4 d5 2.Nf3 Nf6 3.Bf4 Nc6 4.c3 e6 5.Nbd2 Be7 6.Qc2 Bd6 7.Ne5 Bxe5 8.Bxe5
Nxe5 9.dxe5 Nd7 10.Nf3 c5 11.e3 c4 12.e4 Qc7 13.exd5 exd5 14.Qe2 O-O 15.O-O-O
Nb6 16.h3 Bf5 17.Nd4 Bg6 18.f4 Be4 19.Rg1 Na4 20.Rd2 Qa5 21.Qe3 Nc5 22.Kd1
Qxa2 23.Ke1 Qb1+ 24.Kf2 Bg6 25.Kf3 Qe4+ 26.Qxe4 Bxe4+ 27.Ke3 a5 28.Be2 a4 29.
Bf3 Bxf3 30.gxf3 Ne6 31.Rgd1 Rfd8 32.Nc2 Ra5 33.Na3 Nc7 34.Nxc4 Rc5 35.Na3 Re8
36.Kf2 g6 37.Kg3 Kg7 38.h4 1/2-1/2

[Event "Prebor mesta Vsetina"]
[Site "Vsetin, Czech Republic"]
[Date "2021.07.05"]
[Round "4.1"]
[White "Zadrapa, Radek"]
[Black "Bosak, Jan"]
[Result "1/2-1/2"]
[WhiteElo "2048"]
[BlackElo "2059"]
[PlyCount "143"]
[EventDate "2021.??.??"]

1.d4 Nf6 2.c4 g6 3.Nc3 d5 4.Nf3 Bg7 5.g3 O-O 6.Bg2 c5 7.dxc5 dxc4 8.Qa4 Na6 9.
Qxc4 Qa5 10.O-O Be6 11.Qh4 Qxc5 12.Ng5 Qc4 13.Bf4 Nc5 14.Rac1 Qb4 15.Bd5 h6
16.Nxe6 fxe6 17.Bg2 Nh5 18.Be3 Qxh4 19.gxh4 Rac8 20.Nb5 Nf4 21.Rxc5 Rxc5 22.
Bxc5 Rf5 23.b4 Nxg2 24.Nxa7 Nxh4 25.Bxe7 Rf4 26.Rd1 Bd4 27.Bxh4 Rxh4 28.e3
Bxa7 29.Rd8+ Kf7 30.Rd7+ Kf6 31.Rxb7 Rc4 32.Rxa7 Rxb4 33.a4 h5 34.Kg2 h4 35.a5
g5 36.a6 Ra4 37.Ra8 Kf5 38.a7 Ke5 39.Rg8 Rxa7 40.Rxg5+ Kf6 41.Rg4 Kf5 42.Rxh4
Rg7+ 43.Kf3 e5 44.Rh5+ Ke6 45.h4 Rf7+ 46.Ke4 Rxf2 47.Rh6+ Kf7 48.Kxe5 Ra2 49.
e4 Ra5+ 50.Kf4 Kg7 51.Rb6 Rh5 52.e5 Rxh4+ 53.Kf5 Rh5+ 54.Ke4 Rh1 55.Kd5 Ra1
56.Ke6 Ra7 57.Rd6 Ra5 58.Rd5 Ra6+ 59.Rd6 Ra5 60.Rd5 Ra6+ 61.Ke7 Ra7+ 62.Rd7
Ra5 63.e6 Ra8 64.Rb7 Ra1 65.Rd7 Ra8 66.Rd8 Ra6 67.Rd7 Ra8 68.Kd6+ Kf8 69.Rf7+
Ke8 70.Rh7 Ra6+ 71.Ke5 Ra1 72.Ke4 1/2-1/2

[Event "Prebor mesta Vsetina"]
[Site "Vsetin, Czech Republic"]
[Date "2021.07.05"]
[Round "4.3"]
[White "Juracak, David"]
[Black "Galda, Tomas"]
[Result "1/2-1/2"]
[WhiteElo "1660"]
[BlackElo "1552"]
[PlyCount "26"]
[EventDate "2021.??.??"]

1.d4 d5 2.c4 c6 3.Nf3 Nf6 4.Nc3 dxc4 5.e4 b5 6.e5 Nd5 7.Bd2 e6 8.a4 Nxc3 9.
bxc3 Bb7 10.Qb1 Qd5 11.Be2 Be7 12.O-O a6 13.Ng5 Qd8 1/2-1/2

[Event "Prebor mesta Vsetina"]
[Site "Vsetin, Czech Republic"]
[Date "2021.07.05"]
[Round "4.4"]
[White "Klima, Tomas"]
[Black "Orsag, Roman"]
[Result "1/2-1/2"]
[WhiteElo "1493"]
[BlackElo "1278"]
[PlyCount "62"]
[EventDate "2021.??.??"]

1.e3 e5 2.d4 exd4 3.exd4 d5 4.Nf3 Bg4 5.Be2 h6 6.Bf4 Nf6 7.c3 Bd6 8.Bxd6 Qxd6
9.O-O O-O 10.Ne5 Bxe2 11.Qxe2 Re8 12.f4 Nbd7 13.Nd2 Nb6 14.Qf3 c6 15.Rfe1 Re7
16.Re2 Rae8 17.Rae1 Nfd7 18.Qh5 Qf6 19.Qg4 Nxe5 20.fxe5 Qe6 21.Qf3 Nd7 22.Qg3
f6 23.exf6 Qxf6 24.Rxe7 Rxe7 25.Nf3 Rxe1+ 26.Qxe1 Kf7 27.Qd1 Qe6 28.Qb3 Qe3+
29.Kf1 Qd3+ 30.Kf2 b5 31.Qa3 Qc2+ 1/2-1/2

[Event "Prebor mesta Vsetina"]
[Site "Vsetin, Czech Republic"]
[Date "2021.07.05"]
[Round "4.6"]
[White "Vaculik, Lubomir"]
[Black "Kucera, Pavel"]
[Result "1-0"]
[WhiteElo "1824"]
[BlackElo "1329"]
[PlyCount "51"]
[EventDate "2021.??.??"]

1.Nf3 d5 2.c4 c6 3.d4 Nf6 4.Nc3 Bf5 5.Bg5 Nbd7 6.cxd5 Nxd5 7.e3 N5f6 8.Bc4 e6
9.O-O Qc7 10.Re1 h6 11.Bf4 Bd6 12.Bxd6 Qxd6 13.e4 Qb4 14.exf5 Qxc4 15.fxe6
fxe6 16.Nd2 Qxd4 17.Rxe6+ Kf7 18.Re2 Qb6 19.Nde4 Rhd8 20.Nd6+ Kf8 21.Qc2 Qc7
22.Ncb5 Qb8 23.Qg6 Kg8 24.Re7 Ne8 25.Nxe8 Rxe8 26.Qxg7# 1-0

[Event "Prebor mesta Vsetina"]
[Site "Vsetin, Czech Republic"]
[Date "2021.07.05"]
[Round "4.7"]
[White "Matus, Filip"]
[Black "Bambusek, Vladislav"]
[Result "1-0"]
[WhiteElo "1947"]
[BlackElo "1501"]
[PlyCount "99"]
[EventDate "2021.??.??"]

1.e4 e6 2.d4 b6 3.Nf3 Bb7 4.Bd3 Nf6 5.Qe2 d5 6.e5 Nfd7 7.O-O h6 8.c3 Be7 9.
Nbd2 a5 10.b3 c5 11.Bb2 O-O 12.Rfe1 Ba6 13.c4 Bb7 14.Rad1 cxd4 15.Nxd4 Nc5 16.
Bb1 Nbd7 17.N2f3 Rc8 18.a3 dxc4 19.bxc4 Ba6 20.Rc1 g6 21.Red1 Qc7 22.Nb5 Bxb5
23.cxb5 Qb8 24.h4 Kg7 25.h5 Qb7 26.hxg6 f5 27.exf6+ Bxf6 28.Nd4 Rce8 29.Nc6
Qc7 30.f3 Bxb2 31.Qxb2+ Rf6 32.Rc4 Rf8 33.Rg4 h5 34.Rc4 Rh8 35.Qf2 Nf8 36.Nxa5
Qe5 37.Nc6 Qg5 38.a4 Nxg6 39.Bxg6 Qxg6 40.a5 Rhf8 41.Ne5 Qg5 42.Qe2 Rf5 43.Re1
Nb3 44.axb6 Na5 45.Rc7+ Kh6 46.b7 Nb3 47.Nf7+ R5xf7 48.Rxf7 Rxf7 49.b8=Q Nd4
50.Qh8+ 1-0

[Event "Prebor mesta Vsetina"]
[Site "Vsetin, Czech Republic"]
[Date "2021.07.05"]
[Round "4.8"]
[White "Parak, Frantisek"]
[Black "Brousek, Jiri"]
[Result "1/2-1/2"]
[WhiteElo "1545"]
[BlackElo "1833"]
[PlyCount "88"]
[EventDate "2021.??.??"]

1.e4 e6 2.d4 d5 3.exd5 exd5 4.Nf3 Bd6 5.c3 Ne7 6.Bg5 f6 7.Bd2 Bf5 8.Bb5+ c6 9.
Ba4 O-O 10.Bc2 Re8 11.O-O Qd7 12.Re1 Na6 13.Be3 Nc7 14.Nbd2 Bg4 15.Bd3 Nf5 16.
Qc2 g6 17.h3 Nxe3 18.Rxe3 Rxe3 19.fxe3 Bxh3 20.gxh3 Qxh3 21.Bf1 Qg3+ 22.Bg2
Re8 23.Nf1 Qg4 24.Qf2 g5 25.N3h2 Qe6 26.Qf3 f5 27.Qh5 Qf6 28.Nf3 h6 29.Re1 Re7
30.N1d2 Bg3 31.Re2 g4 32.Nh2 Ne6 33.Nxg4 fxg4 34.Qxg4+ Rg7 35.Qh5 Ng5 36.Kh1
Ne6 37.Bh3 Ng5 38.Rg2 Nxh3 39.Qxh3 Be1 40.Nf3 Rxg2 41.Kxg2 Qg6+ 42.Kf1 Bg3 43.
Qc8+ Kh7 44.Qxb7+ Kg8 1/2-1/2

[Event "Prebor mesta Vsetina"]
[Site "Vsetin, Czech Republic"]
[Date "2021.07.06"]
[Round "5.1"]
[White "Bosak, Jan"]
[Black "Dolezal, Karel"]
[Result "1-0"]
[WhiteElo "2059"]
[BlackElo "1895"]
[PlyCount "59"]
[EventDate "2021.??.??"]

1.c4 g6 2.Nf3 d6 3.Nc3 c6 4.d4 Bg7 5.e4 Bg4 6.Be2 Nd7 7.Be3 Qc7 8.O-O Ngf6 9.
Qd2 a6 10.Rac1 O-O 11.h3 Bxf3 12.Bxf3 Rad8 13.Be2 Ne8 14.Bg5 f6 15.Bh4 g5 16.
Bg3 e5 17.d5 c5 18.Bg4 Kh8 19.Qe2 Bh6 20.Qf3 Nb6 21.Nd1 Nc8 22.Ne3 Ng7 23.Bxc8
Qxc8 24.Ng4 f5 25.Nxh6 Rf6 26.Nxf5 Nxf5 27.exf5 Rxf5 28.Qe2 Qd7 29.a3 b5 30.b4
1-0